Fußball Vereine aus Rheinland-Pfalz - Statistiken

Allgemein
  • Dieses Quiz wurde 68 mal gespielt
  • Das Durchschnittsergebnis liegt bei 3 aus 5
Antwortstatistiken
Liga Verein % Korrekt
B FSV Mainz 05
98%
2B Kaiserslautern
94%
RL Eintracht Trier
48%
RL TSV Schott Mainz
44%
RL FSV Mainz 05 II
32%
Keine übereinstimmenden Quizze gefunden
Verteilung der Resultate
Anzahl Personen mit jedem Resultat
Perzentil nach korrekt beantworteten Fragen
Ihre Resultats-Entwicklung
Sie haben dieses Quiz noch nicht gespielt